00000000cas 2200000zi 4500
0019.501419
003CaOODSP
00520260323134419
006m     o  d f      
007cr |||||||||||
008150406d19732025oncuu m o||||f0   |0fre|d
040 |aCaOODSP|bfre|erda|cCaOODSP
043 |an-cn---
0861 |aFB3-1F-PDF
24500|aRapport technique.
2463 |aRapports techniques - Banque du Canada
264 1|a[Ottawa] : |bBanque du Canada, |c1973-
336 |atexte|btxt|2rdacontent/fre
337 |ainformatique|bc|2rdamedia/fre
338 |aressoruce en ligne|bcr|2rdacarrier/fre
500 |aCentains livraisons aussi disponible en anglais sous le titre : Technical report.
5203 |aSe penche sur les statistiques économiques et financières et les modèles qui ont une incidence sur les politiques monétaires du Canada. Les rapports portent sur des sujets variés : inflation, capitaux, actifs, épargne et investissement, taux de change, prix, salaires, taux d’intérêts, crédit, bénéfices, etc. La plupart des rapports comprennent un résumé, des sections sur la méthode utilisée, des références et des annexes.
650 6|aFinances|zCanada.
650 6|aPolitique monétaire|zCanada.
651 6|aCanada|xConditions économiques|y1945-
651 6|aCanada|xConditions économiques|y1991-
7102 |aBanque du Canada, |eorganisme de publication.
77508|tTechnical report.|w(CaOODSP)9.505019
7760#|tRapport technique |w(CaOODSP)9.513012